000 00903nam a2200265 i 4500
001 175453
003 ES-MaACL
005 20251218174613.0
007 t|
008 101028s1979 sp o r ||||1| spa d
020 _a84-369-0666-7
080 _a75 Badosa,Luis
080 _a929 Badosa,Luis
100 1 _aSureda, Joan.
_9108815
245 1 0 _aBadosa /
_cJoan Sureda Pons.
260 _a[Madrid] :
_bServicio de Publicaciones del Ministerio de Educación y Ciencia,
_cD. L. 1979.
300 _a85 p. :
_bfot. col. y n. ;
_c17 cm.
490 1 _aArtistas españoles contemporáneos. Pintores ;
_v164
504 _aBibliografía: p. 67.
600 1 4 _aBadosa, Luis.
_9143772
710 1 _aEspaña.
_bMinisterio de Educación y Ciencia.
_93864
830 0 _aArtistas españoles contemporáneos. Pintores
_v164
_9189664
852 _aES-MaACL
_j2261-F-107
_xOlim P-1916
999 _c175453
_d175453